Los compañeros de Livingstone / (Registro nro. 11218)

Detalles MARC
000 -LIDER
fixed length control field 00849nam a22002537a 4500
001 - NÚMERO DE CONTROL
Identificador de número de control 000443
003 - IDENTIFICACDOR DE NÚMERO DE CONTROL
control field DO-SdBNP
005 - DATE AND TIME OF LATEST TRANSACTION
control field 20180119130019.0
007 - CAMPOS FIJOS DE DESCRIPCIÓN FÍSICA
fixed length control field 000443
008 - ELEMENTOS DE LONGITUD FIJA
fixed length control field 160830b 1993 sp ||||| |||| 00| 0 spa d
020 ## - ISBN
International Standard Book Number 8481300179
040 ## - FUENTE DE CATALOGACIÓN
Agencia que crea de manera original el registro BPMSU
Idioma de catalogación spa
Agencia que realiza la transcripción BPMSU
100 1# - ASIENTO PRINCIPAL -- NOMBRE PERSONAL
Nombre personal Gordimer, Nadine,
Fechas asociadas con el nombre 1923-2014.
245 10 - MENCIÓN DE TITULO
Título Los compañeros de Livingstone /
Mención de responsabilidad Nadine Gordimer ; traducción, Domingo Santos.
260 ## - PUBLICACIÓN, DISTRIBUCIÓN, ETC. (PIE DE IMPRENTA)
Lugar de publicación, distribución, etc Barcelona :
Nombre del editor, distribuidor, etc. Primera Plana,
Fecha de publicación, distribución, etc 1993.
300 ## - DESCRIPCIÓN FÍSICA
Extensión 96 p. ;
Dimensiones 21 cm.
490 1# - MENCIÓN DE SERIES
Mención de serie Biblioteca de literatura universal
Volume/sequential designation 18
500 ## - NOTA GENERAL
Nota general Incluye datos biográficos de la autor en la solapa de la contracubierta.
700 12 - ASIENTO SECUNDARIO -- NOMBRE PERSONAL
Nombre personal Santos, Domingo,
Fechas asociadas con el nombre 1941-
830 #0 - ASIENTO SECUNDARIO DE SERIE--TÍTULO UNIFORME
Título uniforme Biblioteca de literatura universal
Volume number/sequential designation 18
942 ## - ADDED ENTRY ELEMENTS (KOHA)
Source of classification or shelving scheme Dewey Decimal Classification
Koha item type Libros
945 ## - INFORMACIÓN DE PROCESAMIENTO LOCAL
Información de procesamiento local Inventariado, 2018/MFF
956 ## - LOCAL ELECTRONIC LOCATION AND ACCESS (OCLC)
Método de acceso LOPEREZ
Materiales especificados 10
Enlace 20160830
Campo enlazado y núm. de secuencia BPMSU
Nombre de host 00041
Existencias
Withdrawn status Lost status Source of classification or shelving scheme Damaged status Not for loan Collection code Home library Current library Date acquired Source of acquisition Total Checkouts Barcode Date last seen Price effective from Koha item type
    Dewey Decimal Classification     Colección General Biblioteca Pública Metropolitana Salomé Ureña Biblioteca Pública Metropolitana Salomé Ureña 08/30/2016 FUNDI   BPMSU16080267 08/30/2016 08/30/2016 Libros